| 000 | 00630nam a22001937a 4500 | ||
|---|---|---|---|
| 005 | 20250124143632.0 | ||
| 010 | _aENG-143570 | ||
| 020 |
_a9788174347824 _c300.00 |
||
| 035 | _aEN-127102 | ||
| 037 | _bDBAD | ||
| 082 | _a881 | ||
| 245 |
_aFregnance of the Earth/ _cTranslated By Madhuri Shanbhag |
||
| 250 | _a1 | ||
| 260 |
_aChennai _bRajhans Prakashan _c2014 |
||
| 270 |
_a1st Floor, A Block, East Wing, Plot No. 40, SP Info City, Dr. MGR Salai, Perungudi, Kandanchavadi _bChennai _e600096 |
||
| 300 |
_a165p. _c21cm(pb) |
||
| 700 |
_aShanbhag, Madhuri _eTranslated _976979 |
||
| 942 |
_2ddc _cEN _h881 _mFRE |
||
| 999 |
_c208736 _d208736 |
||